| 000 | 00949nam a2200229Ia 4500 | ||
|---|---|---|---|
| 008 | 191130s2002##################000#0#eng## | ||
| 020 | _a9780898715231 | ||
| 040 |
_aACL _cACL |
||
| 082 | _a512.9434 CUL | ||
| 100 | _aCullum, Jane K | ||
| 245 |
_aLanczos algorithms for large symmetric eigenvalue computations. Vol. I, theory _cJane K Cullum; Ralph A Willoughby |
||
| 260 |
_aPhiladelphia, PA _bSociety for Industrial and Applied Mathematics _c2002 |
||
| 300 | _a1 vol. (XX-268 p.) ; 23 cm | ||
| 500 | _aOriginally published: Boston : Birkhäuser, 1985, in series: Progress in scientific computing ; v. 3-4. Includes bibliographical references and index | ||
| 650 | _aEigenvalues--Data processing | ||
| 650 | _aMatrices symétriques -- Informatique | ||
| 650 | _aSymmetric matrices--Data processing | ||
| 650 | _aValeurs propres -- Informatique | ||
| 990 | _a6c9bece9ac10000c5a8ea9d281cb723f | ||
| 991 | _a184093 | ||
| 999 |
_c227919 _d227919 |
||